Responses for Show #5441 - Monday, April 14, 2008

Contestants

[<< previous game]

Drew Beechum, a computer programmer from Valley Village, California

Jeanne Juneau, a wellness consultant and student from Fort Worth, Texas

Leslie Feder, a real estate advisor and investor from New York, New York (whose 1-day cash winnings total $12,800)

[next game >>]

Jeopardy! Round responses

NOVEL CHARACTERS
ROCK MUSIC
POTPOURRI
CEPHALOPODCAST
STATE FLAGS
STARTS WITH "A"
    $200 6
Captain Nemo

Leslie
    $200 12
Ticketmaster

Drew
    $200 17
(Alex: It used to be Convent Garden.)

N

Drew
    $200 11
the head & the foot

Jeanne
    $200 26
Washington

Drew
    $200 1
All

Drew
    $400 7
The Princess Diaries

Drew
    $400 13
Devo

Drew
    $400 18
(Drew: Uh, what is the Colorado?)

Rio Grande

JeanneDrew
    $400 22
suckers

Drew
    $400 27
Wisconsin

Leslie
    $400 2
an apple

Leslie
    $600 8
The Wizard of Oz

Drew
    $600 14
Cheap Trick

Drew
    $600 19
tin (stannous)

Leslie
    $600 23
ink

Leslie
    $600 28
stars

Drew
    $600 3
Aquarius & Aries

Drew
    $800 9
The Hundred and One Dalmatians (One Hundred and One Dalmatians accepted)

Drew
    $800 15
R.E.M.

Drew
    $800 20
(Alex: And that was [*], who discovered King Tut's tomb.)

Howard Carter

Triple Stumper
    $800 24
a giant squid

Jeanne
    $1,000 29
(Alex: [*] is right, yes. Sic semper tyrannis.)

Virginia

Drew
    $800 4
an appaloosa

Leslie
    $1000 10
Dr. Jekyll

Leslie
    $1000 16
(Alex: Oh, caught you with an oldie. What is [*]?)

"Dream Baby"

Triple Stumper
    $1000 21
"Rock Of Ages"

Leslie
    $1000 25
a nautilus

Drew
    $1000 30
(Leslie: Are they New York and Connecticut? What are New York and Connecticut?)

New York & New Jersey

Leslie
Triple Stumper
    $1000 5
Aquitaine

Leslie

Scores at the first commercial break (after clue 16):

Leslie Jeanne Drew
$3,400 $200 $4,600

Scores at the end of the Jeopardy! Round:

Leslie Jeanne Drew
$5,000 $1,400 $7,600

Double Jeopardy! Round responses

BASEBALL
PITCHERS
CATCH HER
FIRST BASE
LEFT FIELD
"SHORT" STOP
    $400 21
Nolan Ryan

Jeanne
    $400 11
American Express

Leslie
    $400 1
Tokyo Rose

Jeanne
    $400 16
Dr. No

Drew
    $400 24
Walter Mondale

Triple Stumper
    $400 6
short-order cook

Jeanne
    $800 22
(Jeanne: Who is Lasorda?)

Joe Torre

JeanneDrew
    $800 12
(Drew: Who is Sherman-Williams?)

Sherwin-Williams

JeanneDrew
    $2,000 2
(Jeanne: Who is...)
(Alex: Pick one.)
(Jeanne: [*]?)
(Alex: You're right!)

(John) Dillinger

Jeanne
    $800 17
Heart of Darkness

Drew
    $800 25
Ann Richards

Leslie
    $800 7
short-tempered

Jeanne
    $1200 23
the Mariners

Leslie
    $1200 13
a Manwich

Drew
    $1200 3
(Leslie: Who's Ma Barker?)
(Drew: Uh, who is Bonnie Barrow?)
...
[Applause for Jeanne's correct response]

Bonnie Parker

LeslieJeanneDrew
    $1200 18
(Leslie: What is Jamestown?)
(Drew: What is Roanoke?)

St. Augustine

LeslieDrew
Triple Stumper
    $3,000 26
(Leslie: Who is Bob Dole?)

Lloyd Bentsen

Leslie
    $1200 8
short division

Leslie
    $1600 28
[ERRATUM: At the time of taping, Jacobs Field had already been renamed Progressive Field. In addition, Kaufmann Stadium in Kansas City had the largest screen as of the airdate.]

the (Cleveland) Indians

Drew
    $1600 14
Sure

Drew
    $1600 4
Amy Fisher

Drew
    $1600 19
(Richard) Byrd

Jeanne
    $1600 27
[ERRATUM: New Hampshire was improperly abbreviated.]

Pat Paulsen

Jeanne
    $1600 9
a short story

Jeanne
    $2000 29
(Jeanne: Who is Reggie Jackson?)
...
[The end-of-round signal sounds.]

Rickey Henderson

Jeanne
Triple Stumper
    $2000 15
Pan Am

Leslie
    $2000 5
Ma Barker

Drew
    $2000 20
(Drew: Uh, what is Iwo Jima?)
(Leslie: What is Everest?)

Mount Suribachi

LeslieDrew
Triple Stumper
    $2000 10
a short shrift

Drew

Scores at the end of the Double Jeopardy! Round:

Leslie Jeanne Drew
$3,200 $9,400 $14,400

[wagering suggestions for these scores]

Final Jeopardy! Round responses

SCIENCE FICTION
LeslieWhat are tribbles?
$1,405
JeanneWhat are ?
$9,350
DrewWhat are Tribbles?
$4,401
tribbles

Final scores:

Leslie Jeanne Drew
$4,605 $50 $18,801
2nd place: $2,000 3rd place: $1,000 New champion: $18,801

Game dynamics:

Coryat scores:

Leslie Jeanne Drew
$6,200 $8,200 $14,200
14 R,
5 W
(including 1 DD)
13 R
(including 1 DD),
2 W
24 R
(including 1 DD),
5 W

Combined Coryat: $28,600

[game clues] [game scores] [suggest correction]

Game tape date: 2008-02-06
The J! Archive is created by fans, for fans. Scraping, republication, monetization, and malicious use prohibited; this site may use cookies and collect identifying information. See terms. The Jeopardy! game show and all elements thereof, including but not limited to copyright and trademark thereto, are the property of Jeopardy Productions, Inc. and are protected under law. This website is not affiliated with, sponsored by, or operated by Jeopardy Productions, Inc. Join the discussion at JBoard.tv.